Central Library OPAC University of Rajshahi

রবীন্দ্রনাথ : (Record no. 39098)

MARC details
000 -LEADER
fixed length control field 00900nam a2200229 4500
001 - CONTROL NUMBER
control field 39098
003 - CONTROL NUMBER IDENTIFIER
rucl marc code BD-RjUL
005 - DATE AND TIME OF LATEST TRANSACTION
control field 20211209052922.0
008 - FIXED-LENGTH DATA ELEMENTS--GENERAL INFORMATION
fixed length control field 160404r20042008 bg||||| |||| 00| 0 b ben d
020 ## - INTERNATIONAL STANDARD BOOK NUMBER
International Standard Book Number 9847000001092
Terms of availability : Tk. 160.00
035 ## - SYSTEM CONTROL NUMBER
System control number (BD-RjUL) 39210
040 ## - CATALOGING SOURCE
Original cataloging agency BD-RjUL
Language of cataloging ben
Transcribing agency BD-RjUL
041 ## - LANGUAGE CODE
Language code of text/sound track or separate title ben
082 ## - DEWEY DECIMAL CLASSIFICATION NUMBER
Edition number 23
Classification number 891.44
Author mark and year ALR 2008
100 ## - MAIN ENTRY--PERSONAL NAME
Personal name আলী, মোবাশ্বের
9 (RLIN) 120654
245 10 - TITLE STATEMENT
Title রবীন্দ্রনাথ :
Remainder of title অন্তরঙ্গ আলোকে /
Statement of responsibility, etc. মোবাশ্বের আলী.
260 ## - PUBLICATION, DISTRIBUTION, ETC. (IMPRINT)
Place of publication, distribution, etc. ঢাকা :
Name of publisher, distributor, etc. জাতীয় সাহিত্য প্রকাশ ,
Date of publication, distribution, etc. ২০০০ [মুদ্রণ ২০০৮]
300 ## - PHYSICAL DESCRIPTION
Pagination ১৩৩ পৃ.:
Illustrations চিত্র ;
Size ২১ সেমি.
650 ## - SUBJECT ADDED ENTRY--TOPICAL TERM
Topical term or geographic name as entry element বাংলা সাহিত্য
9 (RLIN) 120655
Topical term or geographic name as entry element Bengali Literature
9 (RLIN) 120656
942 ## - ADDED ENTRY ELEMENTS (KOHA)
Source of classification or shelving scheme Dewey Decimal Classification
Koha item type Books
Holdings
Lost status Source of classification or shelving scheme Damaged status Not for loan Collection code Permanent Location Current Location Shelving location Date acquired Source of acquisition Cost, normal purchase price Total Checkouts Full call number Date last seen Copy number Koha item type Checked out Date checked out
  Dewey Decimal Classification   Not For Loan Non-fiction Central Library, University of Rajshahi Central Library, University of Rajshahi Reading Room 29/07/2013 Jatiya shahitya prakash,Dhaka 160.00   B 891.44 ALR 2008 04/04/2016 C-1 Books    
  Dewey Decimal Classification     Non-fiction Central Library, University of Rajshahi Central Library, University of Rajshahi   29/07/2013 Jatiya shahitya prakash,Dhaka 160.00 2 B 891.44 ALR 2008 13/05/2026 C-2 Books 08/06/2026 13/05/2026
  Dewey Decimal Classification     Non-fiction Central Library, University of Rajshahi Central Library, University of Rajshahi   29/07/2013 Jatiya shahitya prakash,Dhaka 160.00 1 B 891.44 ALR 2008 21/12/2016 C-3 Books   15/12/2016